000
00338nam a22001457a 4500
008
210225b ||||| |||| 00| 0 eng d
020
_a
9781591942054
041
_a
eng
080
_a
33
082
_a
33
100
_a
58
101
_a
BIZ
245
_a
instructors Manual and Test Bank to Accompany
_c
Goldstein, J. M
942
_2
udc
_c
BK
999
_c
55189
_d
55189